000 00356nam a2200109Ia 4500
008 240129s9999 xx 000 0 und d
100 _aCHANDRAMOWLI, B.
245 0 _aNOVEL ANALYTICAL METHOD DEVELOPMENT FOR THE DETERMINATION OF SELECTED DRUGS IN BIOLOGICAL MATRICES
260 _bMEWAR UNIVERSITY, CHITTORGARH
_c2021
650 _aChemistry
942 _cTHE
999 _c218975
_d218975